| 000 | 00878 a2200265 4500 | ||
|---|---|---|---|
| 003 | CBULib | ||
| 005 | 20231206143121.0 | ||
| 008 | 231206b |||||||| |||| 00| 0 eng d | ||
| 020 | _a9780323356329 | ||
| 040 |
_bEnglish _cCBULib _erda |
||
| 041 | _aeng | ||
| 050 | _aRC 58 Tal | ||
| 100 | 1 |
_aTallia, Alfred F. _91289 |
|
| 245 |
_aSwanson's family medicine review : a problem-oriented approach _c/ by Alfred F. Tallia; Joseph E. Scherger; and Nancy W. Dickey |
||
| 250 | _aEighth edition. | ||
| 260 |
_bElsevier, _c2017 _aPhiladelphia : |
||
| 300 | _axiii, 868 pages : illustrations (some colour) | ||
| 336 |
_2rdacontent _aText | _btxt |
||
| 337 |
_2rdamedia _aUnmediated | _bn |
||
| 338 |
_2rdacarrier _aVolume _bnc |
||
| 504 | _aIncludes an index | ||
| 650 | 0 |
_91290 _aFAMILY, MEDICINE, EXAMINATIONS, QUESTIONS |
|
| 650 | 0 |
_91291 _aFAMILY PRACTICE |
|
| 942 |
_2lcc _c002 |
||
| 999 |
_c83510 _d83510 |
||